1036 1200 1108 1659 1119 1869 1412 1548 1476 1404 1935 1568 1345 1786 1363 1949 1071 1082 1455 1075 1506 1864 1921 1640 1426 1798 1395 1649 1953 1959 1943 1715 1055 1195 1538 1084 1214 1963 1358 1531 1646 1144 1696 1781 1227 1964 1646 1184 1475 1211 1650 1056 1243 1999 1621 1385 1860 1307 1322 1203 1827 1719 1845 1174 1283 1332 1682 1797 1407 1525 1325 1295 1440 1740 1691 1311 1110 1990 1934 1274 1550 1148 1995 1155 1740 1430 1591 1249 1327 1793 1934 1535 1134 1999 1689 1283 1879 1470 1377 BCNSPRNW ULIB Ver.6.0+V

เปลี่ยนเป็นภาษาไทย

Change to English
 แสดงรายละเอียดบรรณานุกรม
  กลับหน้าหลัก

Brief Record : Get Marc (ISO 2709) : E-mail record : QR code < ปิดหน้าต่าง
LEADER : 00000nam 2200000uu 4500
001    13399128313
003     ULIB
008    230607s2558||||th 000 0 tha d
020  ^ ^a9789990087697
060 4^ ^aWY159^bก513
245 0^ ^aการวางแผนการพยาบาลเด็กสุขภาพดีและเด็กป่วย =^bNursing care planfor healthy and ill children /^cรุจา ภู่ไพบูลย์, บรรณาธิการ
246 1^ aNursing care plan for healthy and ill children
250    ^aพิมพ์ครั้งที่ 2
260  ^ ^aกรุงเทพฯ :^bสาขาวิชาการพยาบาลเด็ก โรงเรียนพยาบาลรามาธิบดีคณะแพทยศาสตร์โรงพยาบาลรามาธิบดี มหาวิทยาลัยมหิดล,^c2558
300  ^ ^a302, [5] หน้า ;^c30 ซม.
650 4^ ^aการพยาบาลกุมารเวชศาสตร์
650 2^ ^aPediatric Nursing
700  ^ ^aรุจา ภู่ไพบูลย์,^eบรรณาธิการ
710  ^ ^aมหาวิทยาลัยมหิดล.^bคณะแพทยศาสตร์โรงพยาบาลรามาธิบดี.^bโรงเรียนพยาบาลรามาธิบดี
945    ^p350^l0^i009545
945    ^p350^l0^i009546
945    ^p350^l0^i009547
945    ^p350^l0^i009548
945    ^p350^l0^i009549
945    ^p350^l0^i009551
945    ^p350^l0^i009552
945    ^p350^l0^i009553
945    ^p350^l0^i009554
945    ^p350^l0^i009555
999    ^aประนอม เกษจรัล
รายการนี้ยังไม่มีแท็ก
คุณยังไม่ได้ล็อกอิน คุณสามารถมีกิจกรรมร่วมกับเว็บไซต์ได้ แต่ต้องล็อกอินก่อน ::
  ล็อกอิน

รายการสื่อสารสนเทศ

ลำดับที่ ประเภท เลขเรียก/บาร์โค้ด สถานที่ สถานะ
1. Book การพยาบาล
Book การพยาบาล
สถานะ=หนังสือเก่า
WY159 ก513 ฉ.1 
  Barcode: 009545
ห้องสมุดวิทยาเขตสวรรค์ประชารักษ์
►ส่วนจัดเก็บหนังสือเก่า สปร
บนชั้น
  ขอยืม
2. Book การพยาบาล
Book การพยาบาล
สถานะ=หนังสือเก่า
WY159 ก513 ฉ.10 
  Barcode: 009555
ห้องสมุดวิทยาเขตสวรรค์ประชารักษ์
►ส่วนจัดเก็บหนังสือเก่า สปร
บนชั้น
  ขอยืม
3. Book การพยาบาล
Book การพยาบาล
สถานะ=หนังสือเก่า
WY159 ก513 ฉ.2 
  Barcode: 009546
ห้องสมุดวิทยาเขตสวรรค์ประชารักษ์
►ส่วนจัดเก็บหนังสือเก่า สปร
บนชั้น
  ขอยืม
4. Book การพยาบาล
Book การพยาบาล
สถานะ=หนังสือเก่า
WY159 ก513 ฉ.3 
  Barcode: 009547
ห้องสมุดวิทยาเขตสวรรค์ประชารักษ์
►ส่วนจัดเก็บหนังสือเก่า สปร
บนชั้น
  ขอยืม
5. Book การพยาบาล
Book การพยาบาล
สถานะ=หนังสือเก่า
WY159 ก513 ฉ.4 
  Barcode: 009548
ห้องสมุดวิทยาเขตสวรรค์ประชารักษ์
►ส่วนจัดเก็บหนังสือเก่า สปร
บนชั้น
  ขอยืม
6. Book การพยาบาล
Book การพยาบาล
สถานะ=หนังสือเก่า
WY159 ก513 ฉ.5 
  Barcode: 009549
ห้องสมุดวิทยาเขตสวรรค์ประชารักษ์
►ส่วนจัดเก็บหนังสือเก่า สปร
บนชั้น
  ขอยืม
7. Book การพยาบาล
Book การพยาบาล
สถานะ=หนังสือเก่า
WY159 ก513 ฉ.6 
  Barcode: 009551
ห้องสมุดวิทยาเขตสวรรค์ประชารักษ์
►ส่วนจัดเก็บหนังสือเก่า สปร
บนชั้น
  ขอยืม
8. Book การพยาบาล
Book การพยาบาล
สถานะ=หนังสือเก่า
WY159 ก513 ฉ.7 
  Barcode: 009552
ห้องสมุดวิทยาเขตสวรรค์ประชารักษ์
►ส่วนจัดเก็บหนังสือเก่า สปร
บนชั้น
  ขอยืม
9. Book การพยาบาล
Book การพยาบาล
สถานะ=หนังสือเก่า
WY159 ก513 ฉ.8 
  Barcode: 009553
ห้องสมุดวิทยาเขตสวรรค์ประชารักษ์
►ส่วนจัดเก็บหนังสือเก่า สปร
บนชั้น
  ขอยืม
10. Book การพยาบาล
Book การพยาบาล
สถานะ=หนังสือเก่า
WY159 ก513 ฉ.9 
  Barcode: 009554
ห้องสมุดวิทยาเขตสวรรค์ประชารักษ์
►ส่วนจัดเก็บหนังสือเก่า สปร
บนชั้น
  ขอยืม

รายการใกล้เคียง
    หัวเรื่อง [การพยาบาลกุมารเวชศาสตร์]
    หัวเรื่อง [Pediatric Nursing]

BibComment


ยังไม่เคยถูกคอมเมนท์

คอมเมนท์ทรัพยากรรายการนี้
  คอมเมนท์: การวางแผนการพยาบ..


 Copyright 2026. Bcnsprnw @Library